Hodnotenie podniku a analýza jeho finančného zdravia

Saved in:
Bibliographic Details
Main Authors: Kabát, Ladislav (Author), Sobeková Majková, Zuzana (Author), Vincúrová, Zuzana (Author)
Format: Book
Language:Slovak
Published: Bratislava : Iura Edition, 2013
Series:Ekonómia 466.
Subjects:
Tags: Add Tag
No Tags, Be the first to tag this record!

MARC

LEADER 00000nam a22000003a 4500
001 stu278318
005 20150617230304.3
008 131119s2013----xo------------------slo-d
020 |a 978-80-8078-608-3 
040 |a STU  |b slo 
041 0 |a slo 
044 |a xo 
080 |a 336 
100 1 |a Kabát, Ladislav  |4 aut 
245 1 |a Hodnotenie podniku a analýza jeho finančného zdravia 
260 |a Bratislava :  |b Iura Edition,  |c 2013 
300 |a 160 s 
650 7 |a finančná analýza podniku  |2 stusub 
650 7 |a hodnotenie podnikov  |2 stusub 
700 1 |a Sobeková Majková, Zuzana  |4 aut 
700 1 |a Vincúrová, Zuzana  |4 aut 
830 0 |a Ekonómia  |v 466. 
996 |b 284M085602  |c M*13585-1  |l MMKN  |s A  |a 24  |w stu278318_0001 
996 |b 284M085603  |c M*13585-2  |l MMKN  |s A  |a 24  |w stu278318_0002